000 00395nam a2200145Ia 4500
008 210210b1973 xxu||||| |||| 00| 0 eng d
082 _a509.54 RAHS
100 _aRAHMAN (A) and Others.
245 _aScience and technology in india.
260 _aND
_bIndian Council for Cultural Relations
_c1973
300 _a235
650 _aScience history
690 _aPure Sciences
906 _aSG00530
999 _c111808
_d111808